[Event "Tournament (Elo)"]
[Site "masterchessopen.com Belgorod (Russia)"]
[Date "2007.06.05"]
[Round "7"]
[White "Postolov Petr (RUS)"]
[Black "Zhirizhov Vladimir (RUS)"]
[Result "0-1"]
[WhiteElo "1796"]
[BlackElo "2012"]

1.d4 Nf6 2.c4 e6 3.Nf3 Bb4+ 4.Bd2 Qe7 5.a3 Bxd2+ 6.Nbxd2 d5 7.e3 O-O 8.Bd3
Nbd7 9.O-O e5 10.dxe5 Nxe5 11.Nxe5 Qxe5 12.Qc2 Be6 13.Nf3 Qh5 14.Be2 Rad8
15.Rad1 c6 16.Nd4 Bg4 17.Bxg4 Nxg4 18.h3 Ne5 19.cxd5 Rxd5 20.Qb3 Rd7 21.Qc2
Rfd8 22.Ne2 Qg6 23.Rxd7 Rxd7 24.Rc1 Nf3+ {#R} 0-1

[Event "It (open)"]
[Site "masterchessopen.com Neuhausen (Germany)"]
[Date "2007.06.10"]
[Round "8"]
[White "Teske Henrik (GER)"]
[Black "Schoenhof Timo (GER)"]
[Result "1-0"]
[WhiteElo "2518"]
[BlackElo "2070"]

1.c4 Nf6 2.d4 e6 3.Nf3 Bb4+ 4.Nbd2 Qe7 5.g3 b6 6.Bg2 Bb7 7.O-O Bxd2 8.Bxd2 Ne4
9.Bf4 d5 10.Qa4+ Qd7 11.Qc2 Nc6 12.Rac1 g5 13.cxd5 exd5 14.Nxg5 Nxg5 15.Bxg5
Nxd4 16.Qxc7 Qxc7 17.Rxc7 Ne6 18.Re7+ Kf8 19.Bf6 Ba6 20.Bxd5 Rd8 21.Bxe6 fxe6
22.Rxa7 Bxe2 23.Re1 Bf3 24.Bxd8 {#r} 1-0

[Event "It (open)"]
[Site "masterchessopen.com Voronezh (Russia)"]
[Date "2007.06.16"]
[Round "5"]
[White "Shishkin Alexander (RUS)"]
[Black "Pogosian Georgy (RUS)"]
[Result "0-1"]
[WhiteElo "2055"]
[BlackElo "2192"]

1.Nf3 e6 2.c4 Nf6 3.d4 Bb4+ 4.Bd2 Qe7 5.Nc3 O-O 6.e3 b6 7.Be2 Bb7 8.O-O d6
9.b3 Nbd7 10.a3 Bxc3 11.Bxc3 Ne4 12.Bb2 f5 13.Nd2 Qh4 14.f3 Ng5 15.Rf2 Rf6
16.Qe1 Rg6 17.Kh1 Nf6 18.Rf1 Qh5 19.Qf2 Rh6 20.Qg3 Qg6 21.Rfc1 Nxf3 {#R} 0-1

[Event "Ch Paulista"]
[Site "masterchessopen.com Sao Paulo (Brazil)"]
[Date "2007.06.30"]
[Round "4"]
[White "Moreira Ronaldo Alonso (BRA)"]
[Black "Zampronha Wladimir Camilo (BRA)"]
[Result "1-0"]
[WhiteElo "2013"]
[BlackElo "2143"]

1.d4 Nf6 2.c4 e6 3.Nf3 Bb4+ 4.Bd2 a5 5.Qc2 b6 6.e4 Bb7 7.Bd3 d5 8.cxd5 exd5
9.e5 Ne4 10.O-O O-O 11.a3 Be7 12.Nc3 Nxd2 13.Bxh7+ Kh8 14.Nxd2 g6 15.Bxg6 fxg6
16.Qxg6 Qe8 17.Qh6+ Kg8 18.f4 Qc6 19.e6 Rf6 20.Qg5+ Kf8 21.f5 Ke8 22.Qg8+ Bf8
23.g4 Rh6 24.Qf7+ {#r} 1-0

[Event "It (open)"]
[Site "masterchessopen.com Saint Chely d'Aubrac (France)"]
[Date "2007.07.16"]
[Round "4"]
[White "Saucey Michel (FRA)"]
[Black "Bonneville Jean-Paul (FRA)"]
[Result "1-0"]
[WhiteElo "2324"]
[BlackElo "2208"]

1.d4 Nf6 2.Nf3 e6 3.c4 Bb4+ 4.Bd2 Qe7 5.Nc3 b6 6.g3 Bb7 7.Bg2 O-O 8.O-O d6
9.Qc2 Bxc3 10.Bxc3 c5 11.dxc5 bxc5 12.Bxf6 gxf6 13.Rad1 Nc6 14.Qd2 Rad8 15.Qh6
f5 16.Ng5 f6 17.Nxe6 {#r} 1-0

[Event "It (open)"]
[Site "masterchessopen.com Novosibirsk (Russia)"]
[Date "2007.07.21"]
[Round "1"]
[White "Polyakevich Stanislav (RUS)"]
[Black "Akishin Oleg (RUS)"]
[Result "1-0"]
[WhiteElo "2314"]
[BlackElo "2008"]

1.d4 Nf6 2.c4 e6 3.Nf3 Bb4+ 4.Bd2 Be7 5.Nc3 b6 6.e4 Bb7 7.d5 exd5 8.cxd5 c6
9.d6 Bxd6 10.e5 Bxe5 11.Nxe5 O-O 12.Be2 d5 13.O-O d4 14.Nb1 Re8 15.Bf4 Nbd7
16.Nxd7 Qxd7 17.Nd2 b5 18.Bf3 Nd5 19.Bg3 c5 20.Ne4 Rac8 21.Nd6 {#r} 1-0

[Event "It (open)"]
[Site "masterchessopen.com Montreal (Canada)"]
[Date "2007.07.24"]
[Round "5"]
[White "Rychagov Andrey (RUS)"]
[Black "Rozentalis Eduardas (LTU)"]
[Result "1-0"]
[WhiteElo "2528"]
[BlackElo "2581"]

1.d4 Nf6 2.c4 e6 3.Nf3 Bb4+ 4.Bd2 c5 5.g3 Bxd2+ 6.Qxd2 Ne4 7.Qe3 Qa5+ 8.Nbd2
Nxd2 9.Nxd2 cxd4 10.Qxd4 O-O 11.Bg2 d5 12.cxd5 Rd8 13.b4 Qc7 14.Qc4 Qd6 15.Ne4
Qxd5 16.Nf6+ {#r} 1-0

[Event "Ch Region"]
[Site "masterchessopen.com Tula (Russia)"]
[Date "2007.08.05"]
[Round "3"]
[White "Domogaev Sergey (RUS)"]
[Black "Chuiko Alexander (RUS)"]
[Result "1-0"]
[WhiteElo "2358"]
[BlackElo "2452"]

1.d4 Nf6 2.c4 e6 3.Nf3 Bb4+ 4.Nbd2 d5 5.a3 Be7 6.e3 O-O 7.Bd3 b6 8.b4 c5
9.dxc5 bxc5 10.b5 a6 11.bxa6 Bxa6 12.O-O Nc6 13.Qe2 Rb8 14.Rd1 Qc7 {#r} 1-0

[Event "Ch Russia (for the Deaf) (high league)"]
[Site "masterchessopen.com Zelenograd (Russia)"]
[Date "2007.08.14"]
[Round "4"]
[White "Krasnov Vasily (RUS)"]
[Black "Chernov Igor (RUS)"]
[Result "1-0"]
[WhiteElo "2141"]
[BlackElo "1866"]

1.d4 Nf6 2.c4 e6 3.Nf3 Bb4+ 4.Nbd2 O-O 5.a3 Bxd2+ 6.Bxd2 Ne4 7.Bf4 f5 8.h4 d6
9.Ng5 Qe8 10.e3 e5 11.dxe5 h6 12.Nxe4 dxe5 13.Qd5+ Rf7 14.Qxe5 Qxe5 15.Bxe5
fxe4 16.Rd1 Nc6 17.Bg3 Be6 18.h5 Na5 19.Rd4 Bf5 20.c5 Rd7 21.Rxd7 Bxd7 22.Bxc7
b6 23.cxb6 Rc8 24.Ba6 {#r} 1-0

[Event "Cup Independence (open)"]
[Site "masterchessopen.com Kiev (Ukraine)"]
[Date "2007.08.19"]
[Round "7"]
[White "Shmat Sergey (UKR)"]
[Black "Dorohin Mihail (UKR)"]
[Result "0-1"]
[WhiteElo "2100"]
[BlackElo "2243"]

1.d4 Nf6 2.c4 e6 3.Nf3 Bb4+ 4.Bd2 Qe7 5.a3 Bxd2+ 6.Nbxd2 d6 7.e4 e5 8.d5 O-O
9.Bd3 a5 10.b4 Na6 11.Nb3 axb4 12.axb4 Bg4 13.b5 Nc5 14.Rxa8 Rxa8 15.Nxc5 Bxf3
16.gxf3 dxc5 17.b6 cxb6 18.O-O Nh5 19.Qb3 Nf4 20.Kh1 Qh4 21.Bb1 Qh3 22.Rg1 Ra1
{#R} 0-1

[Event "It (open)"]
[Site "masterchessopen.com Tilburg (Netherlands)"]
[Date "2007.08.19"]
[Round "6"]
[White "Epishin Vladimir (GER)"]
[Black "Peek Maurice (NED)"]
[Result "1-0"]
[WhiteElo "2578"]
[BlackElo "2383"]

1.d4 Nf6 2.c4 e6 3.Nf3 Bb4+ 4.Bd2 Qe7 5.g3 Nc6 6.Nc3 d5 7.cxd5 exd5 8.Bg2 O-O
9.O-O Re8 10.e3 Bg4 11.Qb3 a5 12.Be1 Qd7 13.Rc1 Ra6 14.Na4 Ne4 15.Bxb4 Nxb4
16.Nc5 Nxc5 17.Rxc5 Rh6 18.Ne5 Rxe5 19.dxe5 Bh3 20.Rxa5 {#r} 1-0

[Event "Memorial A.Rubinstein (open) (a)"]
[Site "masterchessopen.com Polanica Zdroj (Poland)"]
[Date "2007.08.26"]
[Round "10"]
[White "Wcislo Damian (POL)"]
[Black "Kuciel Wladyslaw (POL)"]
[Result "1-0"]
[WhiteElo "2107"]
[BlackElo "2149"]

1.d4 Nf6 2.c4 e6 3.Nf3 Bb4+ 4.Nbd2 O-O 5.a3 Bxd2+ 6.Qxd2 d5 7.Qc2 Ne4 8.Bf4 c6
9.e3 b5 10.c5 Qa5+ 11.b4 Qa4 12.Qxa4 bxa4 13.Bxb8 Rxb8 14.Ne5 Rb7 15.Nxc6 Bd7
16.Ne7+ Kh8 17.c6 Bxc6 18.Nxc6 Rc8 {#r} 1-0

[Event "It (open)"]
[Site "masterchessopen.com Bratto (Italy)"]
[Date "2007.08.28"]
[Round "6"]
[White "Erturan Yakup (TUR)"]
[Black "Salvador Roland (PHI)"]
[Result "1-0"]
[WhiteElo "2419"]
[BlackElo "2456"]

1.c4 Nf6 2.Nf3 e6 3.d4 Bb4+ 4.Bd2 a5 5.Nc3 b6 6.e3 Bb7 7.Bd3 Bxc3 8.Bxc3 Ne4
9.Bxe4 Bxe4 10.d5 f6 11.Nh4 Kf7 12.Qd4 Bg6 13.f4 Na6 14.O-O Nc5 15.Nf3 Re8
16.Rae1 exd5 17.f5 Bxf5 18.Ng5+ Kg6 19.Rxf5 Kxf5 20.Qxd5+ Re5 21.Bxe5 fxe5
22.Nf7 Qh4 23.Rf1+ {#r} 1-0

[Event "It \"]
[Site "masterchessopen.com Alushta (Ukraine)"]
[Round "9"]
[White "Ajrapetjan Yuriy (UKR)"]
[Black "Harutjunyan Gevorg (ARM)"]
[Result "1-0"]
[WhiteElo "2420"]
[BlackElo "2380"]

1.d4 Nf6 2.Nf3 e6 3.c4 Bb4+ 4.Bd2 c5 5.Nc3 O-O 6.a3 Bxc3 7.Bxc3 Ne4 8.Qc2 Nxc3
9.Qxc3 b6 10.e3 Bb7 11.Be2 d6 12.O-O Nd7 13.Rfd1 Qe7 14.Rd2 d5 15.cxd5 cxd4
16.Rxd4 Bxd5 17.e4 Rfc8 18.Qb4 Qxb4 19.axb4 Bc6 20.b5 Nc5 21.bxc6 Nb3 22.Ba6
Nxd4 23.Nxd4 Rc7 24.Nb5 {#r} 1-0

[Event "It (open)"]
[Site "masterchessopen.com Vadso (Norway)"]
[Date "2007.09.02"]
[Round "4"]
[White "Maksimov Igor (RUS)"]
[Black "Esbensen Andreas (NOR)"]
[Result "1-0"]
[WhiteElo "2169"]
[BlackElo "2091"]

1.d4 Nf6 2.c4 e6 3.Nf3 Bb4+ 4.Bd2 Qe7 5.g3 Nc6 6.Bg2 O-O 7.O-O Bxd2 8.Nbxd2 d6
9.e4 e5 10.d5 Nb8 11.Nh4 a5 12.b3 c6 13.Qc2 cxd5 14.exd5 Na6 15.Rae1 Qc7 16.f4
Nd7 17.Ne4 h6 18.Nf5 exf4 19.Rxf4 b5 20.Nxg7 Kxg7 21.Rg4+ Kh8 22.Qd2 Kh7
23.Rh4 {#r} 1-0

[Event "Tournament \"]
[Site "masterchessopen.com Oporto (Portugal)"]
[Date "2007.09.10"]
[Round "1"]
[White "Lewandowski Krzysztof (POL)"]
[Black "Pace Roberto (ITA)"]
[Result "1-0"]
[WhiteElo "2176"]
[BlackElo "2037"]

1.d4 Nf6 2.c4 e6 3.Nf3 Bb4+ 4.Nbd2 d5 5.e3 O-O 6.Bd3 Nc6 7.O-O Re8 8.Qc2 e5
9.cxd5 Qxd5 10.Ne4 Nd7 11.Bc4 Qa5 12.Neg5 Nf6 13.Bxf7+ Kf8 14.Bxe8 Kxe8
15.Nxh7 Ke7 16.Qg6 Ne8 17.e4 exd4 18.Bg5+ Kd7 19.Rad1 Bd6 20.Qf7+ Ne7 21.Rxd4
c5 {#r} 1-0

[Event "Tournament (Elo) (b)"]
[Site "masterchessopen.com Warsaw (Poland)"]
[Date "2007.10.11"]
[Round "3"]
[White "Krasiewicz Robert (POL)"]
[Black "Ponceleusz Bronislaw (POL)"]
[Result "1-0"]
[WhiteElo "2047"]
[BlackElo "1995"]

1.d4 Nf6 2.Nf3 e6 3.c4 Bb4+ 4.Nbd2 O-O 5.Qc2 d5 6.e3 Re8 7.Bd3 b6 8.cxd5 exd5
9.O-O Bb7 10.Ne5 Bd6 11.f4 c5 12.Ndf3 c4 13.Bf5 g6 14.Ng5 Bxe5 15.fxe5 Ng4
16.Nxf7 Qh4 17.Bxg4 Qxg4 18.Nh6+ {#r} 1-0

[Event "Tournament (weekend)"]
[Site "masterchessopen.com Rivarolo Mantovano (Italy)"]
[Date "2007.10.14"]
[Round "5"]
[White "Vitiello Luigi (ITA)"]
[Black "Caldonazzo Matteo (ITA)"]
[Result "1-0"]
[WhiteElo "1849"]
[BlackElo "1972"]

1.Nf3 Nf6 2.d4 e6 3.c4 Bb4+ 4.Bd2 Bxd2+ 5.Qxd2 O-O 6.Nc3 d5 7.e3 c6 8.Bd3 dxc4
9.Bxc4 Nbd7 10.O-O c5 11.Rad1 cxd4 12.Qxd4 a6 13.a4 Qc7 14.Ba2 b6 15.Rd2 Bb7
16.Ng5 h6 17.Nxe6 Qc6 18.Nf4 g5 19.Bd5 Nxd5 20.Nfxd5 Rfd8 21.Ne7+ {#r} 1-0

[Event "It (open) (active)"]
[Site "masterchessopen.com El Sauzal (Spain)"]
[Date "2007.11.04"]
[Round "8"]
[White "Granero Roca Antonio (ESP)"]
[Black "Kurajica Bojan (CRO)"]
[Result "0-1"]
[WhiteElo "2354"]
[BlackElo "2554"]

1.d4 Nf6 2.c4 e6 3.Nf3 Bb4+ 4.Bd2 a5 5.Qc2 d5 6.a3 Be7 7.Nc3 O-O 8.e4 c5 9.e5
cxd4 10.Nxd4 Ng4 11.cxd5 Nxe5 12.O-O-O exd5 13.Bf4 Bg5 14.Qd2 Bxf4 15.Qxf4 Ng6
16.Qf3 Be6 17.Bd3 Nc6 18.Bxg6 Qg5+ 19.Qe3 Qxg6 20.f4 Rfe8 21.Qf2 Qf6 {#R} 0-1

[Event "It (open) (active)"]
[Site "masterchessopen.com El Sauzal (Spain)"]
[Date "2007.11.04"]
[Round "6"]
[White "Vidarte Morales Arturo (ESP)"]
[Black "Kurajica Bojan (CRO)"]
[Result "0-1"]
[WhiteElo "2417"]
[BlackElo "2554"]

1.d4 Nf6 2.c4 e6 3.Nf3 Bb4+ 4.Bd2 a5 5.g3 d5 6.Bg2 dxc4 7.O-O O-O 8.Qc2 b5
9.Bg5 Bb7 10.a4 c6 11.e4 Be7 12.Bxf6 Bxf6 13.e5 Be7 14.Nc3 Qb6 15.Rfd1 Na6
16.Qe2 Rad8 17.h4 h6 18.Ne4 Nb4 19.Kh2 Nd3 20.b3 c5 21.bxc4 Bxe4 22.Qxe4 Nxf2
23.Qe2 Nxd1 24.Rxd1 bxc4 {#R} 0-1

[Event "Ch Croatia (team) (3rd league)"]
[Site "masterchessopen.com Croatia"]
[Date "2007.11.11"]
[Round "10"]
[White "Krklec Josip (CRO)"]
[Black "Krpanec Zeljko (CRO)"]
[Result "1-0"]
[WhiteElo "2139"]
[BlackElo "2034"]

1.Nf3 Nf6 2.d4 e6 3.c4 Bb4+ 4.Bd2 c5 5.e3 Bxd2+ 6.Nbxd2 d6 7.Bd3 O-O 8.O-O Re8
9.Qc2 Nc6 10.Qc3 e5 11.dxe5 dxe5 12.Ne4 Nd7 13.Bc2 Qc7 14.Rad1 Rf8 15.Nd6 g6
16.h4 Nd4 17.exd4 exd4 18.Nb5 {#r} 1-0

[Event "Ch World (juniors) (under 14) (g)"]
[Site "masterchessopen.com Kemer (Turkey)"]
[Date "2007.11.19"]
[Round "2"]
[White "Mohana Priya J (IND)"]
[Black "Soylemez Cansu (TUR)"]
[Result "1-0"]
[WhiteElo "1988"]
[BlackElo "1946"]

1.d4 Nf6 2.c4 e6 3.Nf3 Bb4+ 4.Bd2 Qe7 5.a3 Bxd2+ 6.Qxd2 d6 7.Nc3 O-O 8.e4 e5
9.d5 a5 10.Bd3 Bg4 11.h3 Bxf3 12.gxf3 Na6 13.Rg1 Nh5 14.Qh6 Qh4 15.Rxg7+ Nxg7
16.Qxh4 Nc5 17.Bc2 Rae8 18.O-O-O Kh8 19.f4 exf4 20.e5 h5 21.Qxf4 Rxe5 {#r} 1-0

[Event "Cup Belgrade (open)"]
[Site "masterchessopen.com Obrenovac (Yugoslavia)"]
[Date "2007.11.24"]
[Round "3"]
[White "Rajkovic Dusan (SRB)"]
[Black "Bergsson Snorri (ISL)"]
[Result "1-0"]
[WhiteElo "2522"]
[BlackElo "2298"]

1.d4 Nf6 2.c4 e6 3.Nf3 Bb4+ 4.Nbd2 b6 5.g3 Bxd2+ 6.Qxd2 Bb7 7.Bg2 d6 8.O-O O-O
9.b3 Nbd7 10.Bb2 Be4 11.Rfd1 Qc8 12.Bh3 h6 13.d5 Qe8 14.dxe6 fxe6 15.Nd4 e5
16.Nb5 Nc5 17.f3 Qh5 18.Bg2 Ne6 19.fxe4 Ng4 20.h4 Nf4 21.Rf1 g5 22.Rf3 Nxg2
23.Kxg2 {#r} 1-0

[Event "Ch Lithuania (team)"]
[Site "masterchessopen.com Lithuania"]
[Date "2007.12.02"]
[Round "4"]
[White "Beinoraite Viktorija (LTU)"]
[Black "Batkovskyte Dominyka (LTU)"]
[Result "0-1"]
[WhiteElo "2011"]
[BlackElo "1944"]

1.d4 Nf6 2.c4 e6 3.Nf3 Bb4+ 4.Bd2 Qe7 5.Nc3 O-O 6.Qc2 d6 7.e4 e5 8.dxe5 dxe5
9.Be2 c6 10.O-O Bd6 11.Bg5 Bg4 12.Nh4 Be6 13.Nf5 Bxf5 14.exf5 Nbd7 15.Rad1 e4
16.Rfe1 Qe5 17.g3 Bc5 18.Bf4 Qxf5 19.Na4 Bxf2+ 20.Kxf2 e3+ {#R} 0-1

[Event "Ch Mediterranean"]
[Site "masterchessopen.com Sousse (Tunisia)"]
[Date "2007.12.02"]
[Round "8"]
[White "Ben Nasser Khaled (LBA)"]
[Black "Hernando Rodrigo Jose Maria (ESP)"]
[Result "0-1"]
[WhiteElo "2270"]
[BlackElo "2359"]

1.d4 Nf6 2.Nf3 e6 3.c4 Bb4+ 4.Bd2 a5 5.a3 Bxd2+ 6.Nbxd2 d5 7.e3 a4 8.Bd3 O-O
9.O-O c5 10.Rc1 cxd4 11.exd4 b6 12.Qe2 Bb7 13.Rfd1 Nc6 14.cxd5 Qxd5 15.Ne4 Na5
16.Nxf6+ gxf6 17.Qe4 Qxe4 {#R} 0-1

[Event "Ch Commonwealth"]
[Site "masterchessopen.com New Delhi (India)"]
[Date "2007.12.03"]
[Round "1"]
[White "Babu N Sudhakar (IND)"]
[Black "Rajesh Kumar Nath (IND)"]
[Result "1-0"]
[WhiteElo "2332"]
[BlackElo "1943"]

1.d4 Nf6 2.c4 e6 3.Nf3 Bb4+ 4.Nbd2 O-O 5.g3 d5 6.cxd5 exd5 7.Bg2 Nbd7 8.O-O
Nb6 9.Ne5 Bd6 10.b3 Re8 11.Bb2 Bf5 12.h3 c6 13.g4 Bc8 14.e3 h6 15.f4 Nh7
16.Qf3 Nd7 17.Kh1 Qh4 18.Rae1 Ndf8 19.e4 Be6 20.Qf2 Qxf2 21.Rxf2 f6 22.Nef3
{#r} 1-0

[Event "It (open)"]
[Site "masterchessopen.com Osijek (Croatia)"]
[Date "2007.12.08"]
[Round "1"]
[White "Bokun Josip (CRO)"]
[Black "Jukic Jurica (CRO)"]
[Result "0-1"]
[WhiteElo "1810"]
[BlackElo "2111"]

1.d4 Nf6 2.c4 e6 3.Nf3 Bb4+ 4.Bd2 c5 5.a3 Bxd2+ 6.Nbxd2 cxd4 7.Nxd4 O-O 8.e3
Nc6 9.Nxc6 dxc6 10.Be2 a5 11.b3 e5 12.O-O Qe7 13.e4 Rd8 14.Qc2 Be6 15.Rfd1 h6
16.h3 Rd4 17.f3 Nh5 18.Nf1 Qc5 19.Kh2 Rad8 20.Rxd4 Rxd4 21.a4 Nf4 22.Rd1 Bxh3
23.gxh3 Rd2 {#R} 0-1

[Event "Ch Kuzbass"]
[Site "masterchessopen.com Kemerovo (Russia)"]
[Date "2007.12.18"]
[Round "5"]
[White "Dolgalev Sergei (RUS)"]
[Black "Ushacov Vladimir (RUS)"]
[Result "1-0"]
[WhiteElo "2268"]
[BlackElo "2115"]

1.d4 Nf6 2.c4 e6 3.Nf3 Bb4+ 4.Bd2 Qe7 5.g3 b6 6.Bg2 Ba6 7.Qa4 Bxd2+ 8.Nfxd2 c6
9.Nc3 O-O 10.O-O d5 11.Qb3 Rd8 12.Rfd1 Bb7 13.e4 dxe4 14.Ndxe4 Nxe4 15.Nxe4
Nd7 16.c5 Rab8 17.Qa3 a5 18.Nd6 Ba8 19.Rac1 Nf6 20.Nc4 Nd7 21.Re1 a4 22.Nd6
bxc5 23.dxc5 Nxc5 24.Ne4 {#r} 1-0

[Event "Ch City"]
[Site "masterchessopen.com Omsk (Russia)"]
[Date "2008.02.09"]
[Round "5"]
[White "Korostelev Nikolay (RUS)"]
[Black "Bereziy Petr (RUS)"]
[Result "1-0"]
[WhiteElo "1893"]
[BlackElo "1794"]

1.d4 Nf6 2.Nf3 e6 3.c4 Bb4+ 4.Bd2 Qe7 5.a3 Bxd2+ 6.Qxd2 d5 7.Nc3 a5 8.cxd5
exd5 9.Qg5 O-O 10.Nxd5 Nxd5 11.Qxd5 Nd7 12.e3 Nf6 13.Qg5 h6 14.Qe5 Be6 15.Rc1
c6 16.Bd3 {#r} 1-0

[Event "Ch France (team) (nat.1) 2007/08"]
[Site "masterchessopen.com France"]
[Date "2008.04.05"]
[Round "10"]
[White "Borne Niels (FRA)"]
[Black "Martenet Jean-Baptiste (FRA)"]
[Result "1-0"]
[WhiteElo "2284"]
[BlackElo "2048"]

1.d4 Nf6 2.c4 e6 3.Nf3 Bb4+ 4.Nbd2 Qe7 5.g3 O-O 6.Bg2 Bxd2+ 7.Qxd2 Ne4 8.Qc2
d5 9.O-O c6 10.Nd2 f5 11.Nxe4 fxe4 12.f3 exf3 13.Bxf3 e5 14.cxd5 exd4 15.Qc4
Qf6 16.Bg2 b5 17.Qb3 Qd6 18.dxc6+ Be6 19.Rxf8+ Kxf8 20.Qf3+ {#r} 1-0

[Event "It (open)"]
[Site "masterchessopen.com La Laguna (Spain)"]
[Date "2008.04.23"]
[Round "4"]
[White "Malakhatko Vadim (BEL)"]
[Black "Barlov Dragan (SRB)"]
[Result "1-0"]
[WhiteElo "2633"]
[BlackElo "2463"]

1.d4 Nf6 2.c4 e6 3.Nf3 Bb4+ 4.Nbd2 b6 5.a3 Bxd2+ 6.Qxd2 Ba6 7.Qc2 d5 8.cxd5
Qxd5 9.g3 O-O 10.Bg2 Nc6 11.Be3 Qa5+ 12.Bd2 Qd5 13.Bc3 Rad8 14.O-O Qe4 15.Qa4
Nb8 16.Rfe1 Qa8 17.Rac1 Bb7 18.Bb4 Bc6 19.Qc2 Rfe8 20.Bd2 h6 21.b4 Rc8 22.Qb2
Bd5 23.Rc2 {#r} 1-0

[Event "NRW-liga 2007/08"]
[Site "masterchessopen.com Germany"]
[Date "2008.04.27"]
[Round "9"]
[White "Panchenko Alexandar G (UKR)"]
[Black "Preuschoff Michael (GER)"]
[Result "1-0"]
[WhiteElo "2323"]
[BlackElo "2251"]

1.d4 e6 2.c4 Nf6 3.Nf3 Bb4+ 4.Bd2 a5 5.Qc2 d5 6.e3 O-O 7.Nc3 b6 8.Bd3 dxc4
9.Bxc4 Bb7 10.Be2 Nbd7 11.O-O Qe7 12.a3 Bd6 13.Nb5 Be4 14.Qd1 Nd5 15.Ne1 c5
16.Nxd6 Qxd6 17.Qa4 cxd4 18.Qxd4 Nc5 19.Bc3 f6 20.f3 Nb3 21.Qd1 Qc5 22.Qxb3
Qxe3+ 23.Rf2 {#r} 1-0

[Event "Ch City (open)"]
[Site "masterchessopen.com Frankfurt (Germany)"]
[Date "2008.04.28"]
[Round "1"]
[White "Graebner Walter (GER)"]
[Black "Sallwey Rainer"]
[Result "1-0"]
[WhiteElo "2053"]
[BlackElo "1568"]

1.d4 Nf6 2.Nf3 e6 3.c4 Bb4+ 4.Bd2 Bxd2+ 5.Nbxd2 d5 6.e3 O-O 7.Rc1 b6 8.cxd5
exd5 9.Bd3 Ba6 10.Bxa6 Nxa6 11.Qa4 Nb8 12.Ne5 Qd6 13.Nc6 a5 14.O-O Rc8 15.Nf3
Nfd7 16.Nfe5 f6 17.Nxb8 Nxb8 18.Nc6 Nxc6 19.Rxc6 Qd7 20.Rfc1 Ra7 21.Qc2 f5
22.Rxb6 {#r} 1-0

[Event "It (active)"]
[Site "masterchessopen.com Horsholm (Denmark)"]
[Date "2008.05.17"]
[Round "2"]
[White "Brynell Stellan (SWE)"]
[Black "Hartling Svend (DEN)"]
[Result "1-0"]
[WhiteElo "2447"]
[BlackElo "2127"]

1.d4 Nf6 2.Nf3 e6 3.c4 Bb4+ 4.Bd2 Qe7 5.g3 O-O 6.Bg2 Ne4 7.O-O Nxd2 8.Nbxd2
Bxd2 9.Qxd2 d6 10.Qc3 Nd7 11.Rac1 e5 12.c5 Re8 13.cxd6 cxd6 14.dxe5 dxe5
15.Rfd1 e4 16.Nd4 Nf6 17.Nb5 Rd8 18.Qc7 Rd7 19.Rxd7 Qxd7 20.Nd6 Qxc7 21.Rxc7
Be6 22.Nxe4 Nxe4 23.Bxe4 Bxa2 24.Rxb7 {#r} 1-0

[Event "Memorial R.Nezhmetdinov (open)"]
[Site "masterchessopen.com Kazan (Russia)"]
[Date "2008.06.04"]
[Round "4"]
[White "Belsky Artyom (RUS)"]
[Black "Beliaev Vasily (RUS)"]
[Result "0-1"]
[WhiteElo "1513"]
[BlackElo "2049"]

1.d4 Nf6 2.Nf3 e6 3.c4 Bb4+ 4.Bd2 Qe7 5.Qc2 Nc6 6.a3 Bxd2+ 7.Nbxd2 d5 8.e3 O-O
9.Bd3 Rd8 10.O-O h6 11.Rfe1 e5 12.dxe5 Nxe5 13.Nxe5 Qxe5 14.Nf3 Qh5 15.h3 Bxh3
16.gxh3 Qxf3 17.Kh2 dxc4 18.Bxc4 Ne4 19.Rad1 Nxf2 20.Bxf7+ Kh8 21.Rxd8+ Rxd8
22.Qxc7 Ng4+ {#R} 0-1

[Event "Ch ASEAN (juniors) (under 14) (g)"]
[Site "masterchessopen.com Danang (Vietnam)"]
[Date "2008.06.12"]
[Round "6"]
[White "Phan Nguyen Mai Chi (VIE)"]
[Black "Camacho Chardine Cheradee (PHI)"]
[Result "1-0"]
[WhiteElo "2079"]
[BlackElo "2100"]

1.d4 Nf6 2.c4 e6 3.Nf3 Bb4+ 4.Bd2 Qe7 5.e3 Ne4 6.a3 Bxd2+ 7.Nbxd2 Nxd2 8.Qxd2
d6 9.Bd3 e5 10.dxe5 dxe5 11.Qc2 h6 12.O-O Nd7 13.Bf5 O-O 14.Bxd7 Bxd7 15.Qe4
Rfe8 16.Qxb7 Rab8 17.Qxc7 Rxb2 18.c5 Qh4 {#r} 1-0

[Event "Ch Germany (juniors) (Internet) (under 14) (final)"]
[Site "masterchessopen.com Internet"]
[Date "2008.06.15"]
[Round "2"]
[White "Berchtenbreiter Maximilian (GER)"]
[Black "Hahn Markus"]
[Result "1-0"]
[WhiteElo "2116"]
[BlackElo "1844"]

1.Nf3 Nf6 2.d4 e6 3.c4 Bb4+ 4.Nbd2 Nc6 5.e3 O-O 6.Bd3 b6 7.O-O Bb7 8.Nb1 Qe7
9.a3 Bd6 10.b4 Qd8 11.Nc3 a5 12.b5 Ne7 13.e4 e5 14.dxe5 Bc5 15.exf6 {#r} 1-0

[Event "Ch Turkey (team)"]
[Site "masterchessopen.com Kocaeli (Turkey)"]
[Date "2008.06.25"]
[Round "3"]
[White "Sanikidze Tornike (GEO)"]
[Black "Olcayoz Alper (TUR)"]
[Result "1-0"]
[WhiteElo "2522"]
[BlackElo "2298"]

1.d4 Nf6 2.c4 e6 3.Nf3 Bb4+ 4.Bd2 a5 5.Nc3 d5 6.cxd5 exd5 7.Bg5 c6 8.Qc2 h6
9.Bh4 g5 10.Bg3 Ne4 11.e3 Bf5 12.Bd3 h5 13.Nd2 Qe7 14.Bxe4 Bxe4 15.Ndxe4 dxe4
16.h4 g4 17.a3 Bxc3+ 18.Qxc3 O-O 19.Rd1 Rd8 20.d5 cxd5 21.Be5 Nc6 22.Bf6 d4
23.Qxc6 {#r} 1-0

[Event "Cup Volga (open)"]
[Site "masterchessopen.com Kostroma (Russia)"]
[Round "9"]
[White "Lugovoy Dmitry (RUS)"]
[Black "Nikitin Aleksander I (BLR)"]
[Result "1-0"]
[WhiteElo "2082"]
[BlackElo "2060"]

1.d4 Nf6 2.c4 e6 3.Nf3 Bb4+ 4.Bd2 Qe7 5.g3 Nc6 6.Bg2 Bxd2+ 7.Qxd2 d6 8.Nc3 a5
9.O-O e5 10.Nd5 Qd8 11.dxe5 dxe5 12.Qg5 Nxd5 13.Qxd8+ Nxd8 14.cxd5 f6 15.Nd2
c6 16.Nc4 b5 17.Nb6 Rb8 18.Nxc8 Rxc8 19.dxc6 Nxc6 20.Rac1 Kd7 21.Bh3+ Kc7
22.Bxc8 Rxc8 23.Rc3 Kb6 24.Rfc1 Rc7 {#r} 1-0